• 首页
  • 本馆介绍
  • 公告通知
  • 最新文献
  • 馆藏检索
  • 电子资源
  • 读者荐购
  • 参考咨询
  • CALIS
  • 我的图书馆
  • 登录
  • 详细信息显示
  • 放入我的书架
  • 预约/预借图书
  • 作者相关作品
  • 分类相关作品
  • 丛书相关作品
  • 出版社相关作品

书目信息

  • 表格格式
  • 工作单格式
  • 卡片格式
题名:
新编公民简明法律手册
    
 
作者: ;中国法制出版社 编
分册:  
出版信息: 北京   中国法制出版社  2004
页数: 593页
开本: 18cm
丛书名:
单 册:
中图分类: D920.9
科图分类:
主题词: 法律--汇编--中国
电子资源:
ISBN: 7-80182-271-4
 
 
 
 
 
000 00747nam0 2200205 450
001 010233124306
005 20080826134331.04
010    @a7-80182-271-4@dCNY28.00
100    @a20050722d2004 km y0chiy0120 ea
101 0  @achi
102    @aCN@b110000
200 1  @a新编公民简明法律手册@Axin bian gong min jian ming fa lu shou ce@f[中国法制出版社编]@F[zhong guo fa zhi chu ban she bian]
210    @a北京@c中国法制出版社@d2004
215    @a593页@d18cm
330    @a本书针对宪法、行政法、经济法、刑法,及诉讼与非诉讼法程序法类等收录现行有效的法律、法规、司法解释共79件。
606 0  @a法律@x汇编@y中国
690    @aD920.9@v4
711 02 @a中国法制出版社@Azhong guo fa zhi chu ban she@4编
801  0 @aCN@bRULIN@c20080826
905    @aZUCC@dD920.9@eZ494=2
    
    新编公民简明法律手册/[中国法制出版社编].-北京:中国法制出版社,2004
    593页;18cm
    
    
    ISBN 7-80182-271-4:CNY28.00
    本书针对宪法、行政法、经济法、刑法,及诉讼与非诉讼法程序法类等收录现行有效的法律、法规、司法解释共79件。
●
相关链接 在E读中查询图书 在当当中查询图书 在豆瓣中查询图书


正题名:新编公民简明法律手册     索取号:D920.9/Z494=2         预约/预借

序号 登录号 条形码 馆藏地/架位号 状态 备注
1 713967   207139675   社科库509/509社科库 84排2列5层/ [索取号:D920.9/Z494=2] 在馆    
2 713968   207139684   社科库509/509社科库 84排2列5层/ [索取号:D920.9/Z494=2] 在馆    
3 713969   207139693   社科库509/409社科库 84排4列3层/ [索取号:D920.9/Z494=2] 在馆    
河南城建学院图书馆 欢迎您!
大连网信软件有限公司© 版权所有